000 01008nam a22002897a 4500
001 000020887
003 DO-SdBNP
005 20260305073959.0
007 ta
008 100823s2010 dr ac 001 0 spa d
020 _a9789945003208
040 _aDO-SdBNP
_bspa
_cBNPHU
082 _aR703
_bG377e, 2019
100 1 _aGerón, Candido,
_d1948-
_93577
245 1 0 _aEnciclopedia de las artes plásticas dominicanas :
_b1844-1988/
_cCándido Gerón ; Ilustración de portada la serrania Fernando Peña Defilló
250 _a3a. ed.
260 _aSanto Domingo :
_bLibrería Mateca,
_c2010.
300 _a386 p. :
_bil., retrs. ;
_c29 cm.
586 _aPremio Nacional de didáctica 1988
590 _aInventariado, 2022 / DG
650 4 _aArte
_xEnciclopedias y diccionarios
_943778
650 4 _aPinturas dominicanas
_xEnciclopedias y diccionarios
_943779
650 4 _aArtistas dominicanos
_xBiografías
_933342
700 1 2 _aPeña Defilló, Fernando
_eil.
_943780
910 _aDG
942 _2ddc
_cLBS1
999 _c51320
_d51320